Psicología del aprendizaje

Saved in:
Bibliographic Details
Main Author: Ferrándiz López, Pilar (Author)
Format: Book
Language:Spanish
Published: Madrid Síntesis 1997
Series:Colección Psicología Básica. Serie Síntesis Psicología, 2
Subjects:
Tags: Add Tag
No Tags, Be the first to tag this record!

MARC

LEADER 00000nam a2200000 a 4500
001 UCQ9402
003 CL-VaPUC
008 981230e19970000SP |||||||||||||||||spa|d
082 0 4 |a 370.152  |b FER  |2 21 
100 0 |a Ferrándiz López, Pilar  |e author  |9 423923 
245 1 0 |a Psicología del aprendizaje 
300 |a 399 p 
942 |c BK 
945 |d 19981230 00:00:00  |a aarredon 
260 |a Madrid  |b Síntesis  |c 1997 
650 0 |a Psicología educacional   |9 307830 
650 0 |a Procesos de aprendizaje  |9 309161 
650 0 |a Trastornos del aprendizaje  |9 307969 
650 0 |a Aprendizaje   |9 254827 
650 0 |a Psicología del aprendizaje  |9 306854 
650 0 |a Procesos mentales superiores  |9 330839 
583 |a last modification  |c 19981230 00:00:00  |k Rodrigo Vera 
490 0 |a Colección Psicología Básica. Serie Síntesis Psicología, 2 
999 |c 278413  |d 278411 
952 |0 0  |1 0  |4 0  |6 370_152000000000000_FER_1997  |7 0  |8 A  |9 316926  |a BIBEDU  |b BIBEDU  |d 2019-11-20  |i 3494519  |o 370.152 FER 1997  |p 3494519  |r 2019-11-20  |w 2019-11-20  |y BK  |k BME